Chanteuses et Chanteurs à reconnaitre - Statistiques

Statistiques générales
  • Ce quiz a été pris 39 fois
  • Le résultat moyen est 6 sur 16
Statistiques - réponses
Par images Réponse % Correct
Serge Lama
85%
Serge Reggiani
74%
Michel Fugain
62%
Jacques Higelin
59%
Les compagnons de la chanson
53%
Les frères jacques
50%
Marie Paule Belle
44%
Alice Dona
41%
Diane Tell
41%
Mort Shuman
41%
Pierre Vassiliu
35%
Georgette Lemaire
15%
Marcel Mouloudji
12%
Nicole Rieu
12%
Brigitte Fontaine
9%
Suzy Delair
3%
Aucun quiz correspondant
Distribution des résultats
% des personnes avec chaque résultat
Percentile par nombre de réponses
Votre historique - résultats
Vous n’avez pas pris ce quiz